• 首页
  • 本馆介绍
  • 公告通知
  • 最新文献
  • 馆藏检索
  • 电子资源
  • 读者导购
  • 参考咨询
  • 我的图书馆
  • 登录
  • 详细信息显示
  • 放入我的书架
  • 预约/预借图书
  • 作者相关作品
  • 分类相关作品
  • 丛书相关作品
  • 出版社相关作品

书目信息

  • 表格格式
  • 工作单格式
  • 卡片格式
书名: International acronyms, initialisms & abbreviations dictionary
作者: Julis E.Towell and Helen E.Sheppard.
分册号:
分册名:
出版地: Detroit, Mich. :
 
出版社: Gale Research Co
出版时间: c1987.
页数: 911 p. ;
开本: 28 cm.
丛书名:
中图分类号:
科图分类号:
其他分类号: H313.6-61
主题词:
电子资源:
000 01724cas 2200361 a 4504
001 E0762269422
005 20070505093849.57
008 0306271987 9miugr1 d 0uuua0eng d
010    @a85642206
020    @a0-8103-2196-3.
022 0  @a0743-0523.
035    @a0473-42660
050 00 @aP365@b.I57
090    @aZ2/W8
090    @aH313.6-61
099    @dH313.6-61@ex20:1=2
245 00 @aInternational acronyms, initialisms & abbreviations dictionary / @cJulis E.Towell and Helen E.Sheppard.@nv1.
246 10 @aInternational acronyms, initialisms, and abbreviations dictionary.
260    @aDetroit, Mich. :@bGale Research Co.,@cc1987.
265    @aGale Research Co., Book Tower, Detroit, MI 48226.
300    @a911 p. ;@c28 cm.
310    @aBiennial.
362 0  @a1st ed.-
515    @a1st ed. preceded by a prelimimary edition issued in 1984.
515    @aIssued in 3 vol.; each vol. separately titled: v. 1, International acronyms, initialisms & abbreviations dictionary; v. 2, New international acronyms, initialisms & abbreviations dictionary; and, v. 3, Reverse international acronyms, initialisms & abbreviations dictionary.
525    @aVol. 1 of each ed. kept up-to-date by periodic supplements, designated as v. 2, with title: New international acronyms, initialisms & abbreviations dictionary.
599    @aLib. has: 1st ed./v.1, 2nd ed/v.1-3.
650  0 @aAcronyms@xPeriodicals.
650  0 @aAbbreviations@xPeriodicals.
710 20 @aGale Research Company.
730 02 @aReverse international acronyms, initialisms & abbreviations dictionary.
730 02 @aNew international acronyms, initialisms & abbreviations dictionary.
920    @a232010@z2
    
    International acronyms, initialisms & abbreviations dictionary / / Julis E.Towell and Helen E.Sheppard.. v1.-Detroit, Mich. : : Gale Research Co., , c1987.
    911 p. ; ; 28 cm.
    1st ed. preceded by a prelimimary edition issued in 1984.-Issued in 3 vol.; each vol. separately titled: v. 1, International acronyms, initialisms & abbreviations dictionary; v. 2, New international acronyms, initialisms & abbreviations dictionary; and, v. 3, Reverse international acronyms, initialisms & abbreviations dictionary.-Vol. 1 of each ed. kept up-to-date by periodic supplements, designated as v. 2, with title: New international acronyms, initialisms & abbreviations dictionary.-Lib. has: 1st ed./v.1, 2nd ed/v.1-3.
    
    ISBN 0-8103-2196-3.
    
●
相关链接 在E读中查询图书 在五车中查询图书 在当当中查询图书 在豆瓣中查询图书


正题名:International acronyms, initialisms & abbreviations dictionary     索取号:H313.6-61/x20:1=2         预约/预借

序号 登录号 条形码 馆藏地/架位号 状态 备注
1 184070   001299561   第二样本阅览室/ [索取号:H313.6-61/x20:1=2] 在馆    
唐山师范学院图书馆 欢迎您!
大连网信软件有限公司© 版权所有